000 00798nam a2200289Ia 4500
003 OSt
005 20220912150901.0
006 a|||||r|||| 00| 0
007 ta
008 220909b |||||||| |||| 00| 0 eng d
020 _a081764038X (hbd)
024 _a5575
037 _bShankar,
037 _cTextual
040 _aCSL
_beng
_cCSL
041 _aeng
082 _aB38, N8
100 _aStalker John
245 0 _aComplex analysis: Fundamentals of the classical theory of functions
260 _aBoston
_bBirkhauser
_c1998
300 _axi,228p.
_ccm. ill.
500 _aBibliography 221-225p; Index 226-228p.
_ccm.
650 _a Complex variables
650 _aMathematics
942 _hB38, N8
_cTEXL
_2CC
999 _c56810
_d56810